1539 1828 1864 1922 1440 1256 1378 1842 1201 1512 1523 1020 1668 1528 1327 1704 1269 1753 1273 1901 1739 1351 1311 1764 1038 1849 1580 1774 1172 1276 1362 1366 1510 1764 1794 1497 1822 1649 1041 1646 1689 1642 1364 1516 1718 1036 1771 1712 1522 1064 1139 1848 1409 1094 1910 1531 1234 1867 1589 1135 1174 1388 1574 1227 1575 1411 1853 1675 1756 1714 1509 1263 1417 1342 1513 1314 1649 1634 1801 1319 1152 1089 1991 1268 1534 1412 1225 1787 1807 1650 1606 1007 1665 1479 1503 1842 1530 1661 1696 BCNSPRNW ULIB Ver.6.0+V

เปลี่ยนเป็นภาษาไทย

Change to English
 แสดงรายละเอียดบรรณานุกรม
  กลับหน้าหลัก

Brief Record : Get Marc (ISO 2709) : E-mail record : QR code < ปิดหน้าต่าง
LEADER : 00000nam 2200000uu 4500
001    13399125146
003     ULIB
008    161020s2559||||th 000 0 tha d
099    ^aวจ.QZ200^bว132พ
100 1  ^aวงศ์สิริ แจ่มฟ้า
245 10 ^aพลังงานสุขภาพจิตของผู้ป่วยมะเร็งที่ได้รับการรักษาในโรงพยาบาลมะเร็งลพบุรี = Resilience in Cancer Patients at Lopburi Cancer Hospital /^cวงศ์สิริ แจ่มฟ้า, สุดกัญญา ปานเจริญ,ศิริรัตน์ จำปีเรือง
260    ^aนครสวรรค์ :^bวิทยาลัยพยาบาลยบรมราชชนนี สวรรค์ประชารักษ์ นครสวรรค์ สถาบันพระบรมราชชนก กระทรวงสาธารณสุข,^c2559
300    ^a2 หน้า ;^c29 ซม.
700 0  ^aสุดกัญญา ปานเจริญ
700 1  ^aศิริรัตน์ จำปีเรือง
945    ^p0^l0^i001390
995    ^aณรีรัตน์
999 ^a ใช้งานได้ทุกระบบ
รายการนี้ยังไม่มีแท็ก
คุณยังไม่ได้ล็อกอิน คุณสามารถมีกิจกรรมร่วมกับเว็บไซต์ได้ แต่ต้องล็อกอินก่อน ::
  ล็อกอิน

รายการสื่อสารสนเทศ

ลำดับที่ ประเภท เลขเรียก/บาร์โค้ด สถานที่ สถานะ
1. งานวิจัย
งานวิจัย
วจ.QZ200 ว132พ ฉ.1 
  Barcode: 001390
ห้องสมุดวิทยาเขตสวรรค์ประชารักษ์
►วิจัย
บนชั้น

รายการใกล้เคียง
    ผู้แต่ง [วงศ์สิริ แจ่มฟ้า]

BibComment


ยังไม่เคยถูกคอมเมนท์

คอมเมนท์ทรัพยากรรายการนี้
  คอมเมนท์: พลังงานสุขภาพจิต..


 Copyright 2026. Bcnsprnw @Library